Život - největší umělecké dílo /

Main Author: Kubíček, Ladislav, 1926-2004
Language: Czech
Published: Olomouc : Matice cyrilometodějská, 2003
Edition: 2. vyd.
Online Access: Digitalizovaný dokument
Physical Description: 85 s. ; 20 cm
Book
Saved in:
LEADER 01304nam a2200361 a 4500
001 000709236
003 CZ BrMZK
005 20040507121406.0
007 ta
008 040323s2003 xr e 000 0 cze d
015 |a cnb001248011 
020 |a 80-7266-139-6  |q (brož.) :  |c Kč 61,00 
035 |a (OCoLC)56871318 
040 |a BOA001  |b cze 
072 7 |a 27-4  |x Praktická teologie. Morální teologie  |2 Konspekt  |9 5 
080 |a 27-4  |2 MRF 
080 |a 27-184.3  |2 MRF 
080 |a 17.02  |2 MRF 
080 |a (0:82-4)  |2 MRF 
100 1 |a Kubíček, Ladislav,  |d 1926-2004  |7 jn19990216110  |4 aut 
245 1 0 |a Život - největší umělecké dílo /  |c Ladislav Kubíček 
250 |a 2. vyd. 
260 |a Olomouc :  |b Matice cyrilometodějská,  |c 2003 
300 |a 85 s. ;  |c 20 cm 
650 0 7 |a křesťanská víra  |7 ph122113  |2 czenas 
650 0 7 |a smysl života  |7 ph125718  |2 czenas 
650 0 7 |a životní moudrost  |7 ph128026  |2 czenas 
650 0 7 |a křesťanský život  |7 ph122132  |2 czenas 
655 7 |a úvahy  |7 fd134000  |2 czenas 
856 4 1 |u http://www.digitalniknihovna.cz/mzk/uuid/uuid:55b85d80-552e-11e4-bc71-005056827e52  |y Digitalizovaný dokument  |x NDK 
910 |a BOA001  |b 1-1131.733 
990 |a BK 
996 6 |b 2610216483  |c 1-1131.733  |l MZK  |r Sklad / do 1 hodiny  |n 7  |p p.v.  |w 000709236  |u 000010  |a 1  |e BOA001  |j MZK50  |s P